| 000 | 01450nam2a22002651 4500 | ||
|---|---|---|---|
| 001 | rc\4935344 | ||
| 005 | 20250613043049.0 | ||
| 021 |
_aRU _b68-66398 |
||
| 021 |
_aRU _b68-66384 |
||
| 021 |
_aRU _bРг6372-68 |
||
| 035 | _a(NLR Aleph) 008947330 | ||
| 090 |
_a8981409 _c8981409 |
||
| 100 | _a20130426d1968 |||y0rusy50 ca | ||
| 101 | 0 | _arus | |
| 102 | _aRU | ||
| 105 | _ay z ||||| | ||
| 200 | 0 | _aТ. 10 | |
| 210 |
_d1968 _aБ. м. |
||
| 215 | _a271 с. | ||
| 461 | 0 |
_1001rc\4935336 _12001#$aСборник агрозоотехнических требований на сельскохозяйственные машины$eТ. 3$fВсесоюз. объединение "Союзсельхозтехника". Упр. заказов, испытания и внедрения новой техники с инспекцией по контролю за качеством машин$vТ. 10 _98981362 _cМосква _d1964 _fВсесоюз. объединение "Союзсельхозтехника". Упр. заказов, испытания и внедрения новой техники с инспекцией по контролю за качеством машин _nБ. и. _oТ. 3 _tСборник агрозоотехнических требований на сельскохозяйственные машины _vТ. 10 |
|
| 801 | 0 |
_aRU _bNLR _gpsbo |
|
| 801 | 1 |
_aRU _bELAR _2rusmarc |
|
| 852 |
_aNLR _j65-8/804 |
||
| 942 | _cBOOK | ||
| 980 | _aNB | ||